[Event "Motiva Online Blitz (Women)"]
[Site "Chess.com INT"]
[Date "2021.12.18"]
[Round "4"]
[White "Jakubowska, Anna"]
[Black "Kalyaeva, Eleonora"]
[Result "1-0"]
[WhiteElo "2106"]
[BlackElo "1795"]
[PlyCount "55"]
[EventDate "2021.12.18"]
[EventType "swiss (blitz)"]
[EventRounds "13"]
[EventCountry "USA"]
[SourceTitle "CBM 205 Extra"]
[Source "ChessBase"]
[SourceDate "2022.01.31"]
[SourceVersion "1"]
[SourceVersionDate "2022.01.31"]
[SourceQuality "1"]

1. e4 e5 2. Nf3 Nc6 3. Bb5 a6 4. Ba4 b5 5. Bb3 d6 6. c3 Be7 7. 0-0 Nf6 8. Re1 Bg4 9. h3 Bh5 10. d3 Na5 11. Bc2 c5 12. Nbd2 0-0 13. Nf1 h6 14. Ng3 Nc6 15. Nxh5 Nxh5 16. Nxe5 dxe5 17. Qxh5 c4 18. dxc4 bxc4 19. Be3 Rb8 20. b3 Ba3 21. Rad1 Qe7 22. b4 Bb2 23. Bc5 Qg5 24. Qxg5 hxg5 25. Bxf8 Rxf8 26. Re3 f6 27. Rd6 Rc8 28. Ba4 1-0

[Event "Motiva Online Blitz (Women)"]
[Site "Chess.com INT"]
[Date "2021.12.18"]
[Round "7"]
[White "Kalyaeva, Eleonora"]
[Black "Zamyslova, Victoriya"]
[Result "1-0"]
[WhiteElo "1795"]
[BlackElo "1194"]
[PlyCount "127"]
[EventDate "2021.12.18"]
[EventType "swiss (blitz)"]
[EventRounds "13"]
[EventCountry "USA"]
[SourceTitle "CBM 205 Extra"]
[Source "ChessBase"]
[SourceDate "2022.01.31"]
[SourceVersion "1"]
[SourceVersionDate "2022.01.31"]
[SourceQuality "1"]

1. e4 d6 2. d4 Nf6 3. Nc3 g6 4. Nf3 Bg7 5. Bc4 0-0 6. h3 Nxe4 7. Bxf7+ Rxf7 8. Nxe4 Nc6 9. c3 Bf5 10. Ng3 e5 11. 0-0 exd4 12. cxd4 Qf6 13. Bg5 Qe6 14. d5 Qd7 15. dxc6 Qxc6 16. Nxf5 Rxf5 17. Nd4 Bxd4 18. Qxd4 Rd5 19. Qe3 Re8 20. Qb3 Kg7 21. Be3 Rb5 22. Qc3+ Kg8 23. Qxc6 bxc6 24. b3 c5 25. Rfe1 Rb4 26. Bh6 Rbe4 27. Rxe4 Rxe4 28. Kf1 Kf7 29. Re1 Rxe1+ 30. Kxe1 Ke6 31. Kd2 Kd5 32. Kd3 a5 33. a4 Ke5 34. g4 Kf6 35. Bd2 Ke5 36. Bxa5 c6 37. Bc7 Ke6 38. Ba5 Ke5 39. Ke3 d5 40. f4+ Ke6 41. Bb6 d4+ 42. Kd3 Kd5 43. f5 gxf5 44. gxf5 Ke5 45. f6 Kxf6 46. Bxc5 Ke5 47. Bxd4+ Kf4 48. h4 Kg4 49. Bf6 Kf5 50. Bg5 Ke6 51. Kc4 Kd6 52. Bf4+ Kd7 53. Kc5 h5 54. b4 Kc8 55. Kxc6 Kd8 56. b5 Kc8 57. b6 Kd8 58. b7 Ke7 59. b8Q Ke6 60. Qe5+ Kf7 61. Bg5 Kg8 62. Qe7 Kh8 63. Bf6+ Kg8 64. Qg7# 1-0

[Event "Olomouc op"]
[Site "Olomouc"]
[Date "2007.08.02"]
[Round "1"]
[White "Kalyaeva, Eleonora"]
[Black "Johansson, Jan"]
[Result "0-1"]
[WhiteElo "1897"]
[BlackElo "2441"]
[PlyCount "108"]
[EventDate "2007.08.02"]
[EventType "swiss"]
[EventRounds "9"]
[EventCountry "CZE"]
[SourceTitle "CBM 119 Extra"]
[Source "ChessBase"]
[SourceDate "2007.09.04"]
[SourceVersion "1"]
[SourceVersionDate "2007.09.04"]
[SourceQuality "1"]

1. e4 g6 2. Nc3 Bg7 3. d4 d6 4. Bc4 a6 5. Nf3 e6 6. 0-0 Ne7 7. Bg5 h6 8. Be3 Nd7 9. a4 b6 10. Nd2 Bb7 11. f3 0-0 12. Ne2 d5 13. Bd3 c5 14. c3 e5 15. g4 cxd4 16. cxd4 exd4 17. Bxd4 Nc5 18. Bxg7 Kxg7 19. Bc2 Nc6 20. Qe1 Nb4 21. Bb1 Qg5 22. Nc4 dxc4 23. Qxb4 Qe3+ 24. Rf2 Qb3 25. Qc3+ Qxc3 26. bxc3 b5 27. axb5 axb5 28. Rxa8 Rxa8 29. Nd4 Ra1 30. Rf1 Ba6 31. Nc2 Ra5 32. Nb4 Bb7 33. Rd1 Ra3 34. Na2 Na4 35. Rc1 Kf6 36. Kf2 Ke5 37. Ke3 g5 38. Kd2 Ba6 39. Nb4 Bb7 40. Na2 Kf4 41. Rf1 Bc8 42. Kc2 Be6 43. Kd2 b4 44. Nxb4 Nxc3 45. Bc2 Nb5 46. Bb1 Nd4 47. Nd5+ Bxd5 48. exd5 Nxf3+ 49. Kd1 Ke5 50. Ke2 Nd4+ 51. Kd2 Rh3 52. Rxf7 c3+ 53. Kc1 Rxh2 54. Rc7 Rh1# 0-1